01274nam a22001457a 4500008004100000020001800041050001400059100002000073245007300093260004200166300003800208500003600246505082300282700002301105190801b xxu||||| |||| 00| 0 eng d a9781455702961 aRM101.C66 aBope, Edward T. aConn's current therapy 2014. /cEdward T. Bope and Rick D Kellerman. aNew York :bElsevier Saunders,c2014. axxxiii, 1308 p. :bill. ;c28 cm. aIncludes appendices and index . aContents: Section 1: Symptomatic care pending diagnosis -- Section 2: Diseases of allergy -- Section 3: The infectious diseases -- Section 4: Diseases of the skin -- Section 5: Diseases of the head and neck -- Section 6: The respiratory system -- Section 7: The cardiovascular system -- Section 8: The digestive system -- Section 9: Rheumatology and musculoskeletal system -- Section 10: The nervous system -- Section 11: Endocrine and metabolic disorders -- Section 12: Hematology -- Section 13: The Urogenital tract -- Section 14: The sexually transmitted diseases -- Section 15: Psychiatric disorder -- Section 16: Men's Health -- Section 17: Women's health -- Section 18: Pregnancy and antepartum care -- Section 19: Children's health -- Section 20: Preventive health -- Section 21: Physical and chemical injuries. aKellerman, Rick D.